| 000 | 00834nam a2200265Ia 4500 | ||
|---|---|---|---|
| 008 | 191130s2001##################000#0#eng## | ||
| 020 | _a9781840643008 | ||
| 022 | _a62289 | ||
| 040 |
_aACL _cACL |
||
| 082 | _a338.6048 NEU | ||
| 100 | _aNeumann, Manfred | ||
| 245 |
_aCompetition policy : history, theory and practice _cManfred Neumann |
||
| 260 |
_aAldershot, Hants ; Brookfield, Vt _bEdward Elgar Pub _cc2001 |
||
| 300 | _ax, 225 p. ; 24 cm | ||
| 500 | _aIncludes bibliographical references (p. 192-210) and index | ||
| 650 | _aBusiness cycles | ||
| 650 | _aCompetition | ||
| 650 | _aCompetition - Government policy | ||
| 650 | _aCompetition - History | ||
| 650 | _aCompetition, International | ||
| 650 | _aIndustrial policy | ||
| 990 | _a56a994c4ac10000c50e71661b356b554 | ||
| 991 | _a170878 | ||
| 999 |
_c134769 _d134769 |
||